000
00263nam a2200121Ia 4500
008
190216s9999||||xx |||||||||||||| ||und||
100
_a
Muhammed K T
245
0
_a
Srishti
260
_b
Current Books
300
_a
63
650
_a
Malayalam Nadakam
942
_c
BK
999
_c
25428
_d
25428